000 00367nam a2200145 i 4500
001 bg
100 1 _aOBER, J.
245 0 _aPomieszczenia dla bydła, planowanie, budownictwo, urządzenia /
_cJ. Ober, G. Koller.
260 _aWarszawa,
_c1975.
700 1 _aKOLLER, G.
040 _cBPK
041 _apol
942 _cKS
008 s pl f |000 0 pol
999 _c4897
_d4897
856 _uhttp://koha.tu.koszalin.pl/cgi-bin/koha/opac-detail.pl?biblionumber=4897
_yKatalog online BPK